Top Goalscorers of the 1930 FIFA World Cup - Statistics

General Stats
  • This quiz has been taken 4 times
  • The average score is 9 of 18
Answer Stats
Goals Team Answer % Correct
8 Argentina Guillermo Stábile
100%
2 Uruguay Héctor Castro
100%
5 Uruguay Pedro Cea
100%
4 United States Bert Patenaude
67%
3 Argentina Carlos Peucelle
67%
2 Chile Carlos Vidal
67%
2 Chile Guillermo Subiabre
67%
2 Argentina Adolfo Zumelzú
33%
2 France André Maschinot
33%
2 Yugoslavia Đorđe Vujadinović
33%
3 Yugoslavia Ivan Bek
33%
2 Argentina Luis Monti
33%
2 Mexico Manuel Rosas
33%
2 Brazil Moderato
33%
2 Uruguay Pablo Dorado
33%
3 Uruguay Peregrino Anselmo
33%
3 Brazil Preguinho
33%
2 Uruguay Santos Iriarte
33%
No matching quizzes found
Score Distribution
Percent of People with Each Score
Percentile by Number Answered
Your Score History
You have not taken this quiz